| 000 | 00890cab a22002175a 4500 | ||
|---|---|---|---|
| 001 | L153651 | ||
| 008 | 110815e20110812xxk 000 0 eng d | ||
| 035 | _a(Sirsi) u153651 | ||
| 041 | 0 | _aeng | |
| 100 | 1 | _aWithers, Iain | |
| 245 | 0 | 0 |
_aWillmott Dixon storms ahead _bbusiness barometer |
| 260 | _c2011 | ||
| 490 |
_aBuilding _v276 (8691) 12 August 2011, 18-19(2) |
||
| 520 | _aOverview; tables of top contractors including and excluding civils for July 2011; yearly work won August 2010-July 2011; top architects, clients/promoters, and quantity surveyors August 2010 to July 2011 using information from Barbour ABI; workloads, low property transactions, regions of the UK with 'first-time buyer blackspots'. | ||
| 590 | _aKA | ||
| 651 | 4 |
_aUnited Kingdom _y |
|
| 690 | _aBUILT ENVIRONMENT-CONSTRUCTION MARKET | ||
| 700 | 1 | _aGreen, Brian | |
| 700 | 1 | _aForrest, Kelly | |
| 942 | _n0 | ||
| 999 |
_c83347 _d83347 |
||